Small Open Economy Real Business Cycle Model of the Slovak Economy
Salvato in:
| Autore principale: | |
|---|---|
| Altri autori: | , |
| Natura: | Capitolo di libro |
| Lingua: | inglese |
| Soggetti: | |
| Tags: |
Nessun Tag, puoi essere il primo ad aggiungerne!!
|
MARC
| LEADER | 00000nla a2200000 4500 | ||
|---|---|---|---|
| 001 | 0192703 | ||
| 005 | 20240502083447.1 | ||
| 041 | 0 | |a eng | |
| 044 | |a CZ | ||
| 245 | 1 | 0 | |a Small Open Economy Real Business Cycle Model of the Slovak Economy |c Karol Szomolányi, Martin Lukáčik, Adriana Lukáčiková |
| 610 | 2 | 0 | |a hospodárstvo otvorené |
| 610 | 2 | 0 | |a cykly hospodárske |
| 610 | 2 | 0 | |a modely ekonomické |
| 610 | 2 | 0 | |a Slovensko |
| 610 | 2 | 0 | |a funkcie produkčné |
| 100 | 1 | |a Szomolányi, Karol, 1976- | |
| 700 | 1 | |a Lukáčik, Martin, 1974- | |
| 700 | 1 | |a Lukáčiková, Adriana, 1971- | |